| 000 | 00606nam a22002057a 4500 | ||
|---|---|---|---|
| 999 |
_c6233 _d6233 |
||
| 003 | AR-CdUCM | ||
| 008 | 190314b ||||| |||| 00| 0 spa d | ||
| 040 |
_aMUNICIPALIDAD PROVINCIAL DEL CUSCO _cBIBLIOTECA MUNICIPAL DEL CUSCO |
||
| 082 |
_a808.81 / _bR69 |
||
| 100 |
_aRodriguez G., Marcial _917959 |
||
| 245 | _aProsas y Poemas / | ||
| 260 |
_aLa Paz : _bTalleres gráficos Mundy color, _c1993. |
||
| 300 |
_a105 paginas ; _c20 cm. |
||
| 505 | _aProsas y Poemas | ||
| 650 |
_aBolivia _91138 |
||
| 650 |
_aPoemas y Prosas _917960 |
||
| 650 |
_aLiteratura _9416 |
||
| 942 |
_2ddc _cLIBROS |
||
| 945 | _awnts | ||